000 00212nam a2200085Ia 4500
008 120527s9999 xx 000 0 und d
100 _aTRIPHATI, R.Bash
245 _aAlley farming training manual vol.2
942 _cBK
999 _c25242
_d25242